| 000 | 00442nam a2200169Ia 4500 | ||
|---|---|---|---|
| 003 | LK-CoDNM | ||
| 008 | 010623t1927 xxu||||| |||| 00| 1 eng d | ||
| 040 |
_aLK-CoDNM _dLK-CoDNM _eLK-CoDNM |
||
| 041 | _aeng | ||
| 080 | _a12 P 9 | ||
| 245 | _aThe World list of Scientific Periodicals,1900-1921 | ||
| 260 |
_bOxford _aLondon _c1927 |
||
| 300 | _bxii,343p., 27 cm | ||
| 650 | _aAbbreviated Titles | ||
| 650 | _aLocations of Sets | ||
| 942 | _cBK | ||
| 999 |
_c93941 _d93941 |
||